000 00447cam a22001457a 4500
008 180718b2000 xxu||||| |||| 00| 0 eng d
020 _a8122005942
082 _aT19x54 Sw23
100 _aSubramanian Swamy
245 _aIndia's economic performance and reforms: a perspective for the new millennium
_cby Subramanian Swamy
260 _aDelhi
_bKonark
_c2000
300 _a339p.
650 _aGlobalization
650 _aIndia - Economic conditions
999 _c394235
_d394235